Технология авиационного приборостроения: учебное пособие

Bibliografiska uppgifter
Huvudupphovsman: Гаврилов А. Н. Анатолий Николаевич
Språk:ryska
Publicerad: Москва, Машиностроение, 1981
Upplaga:3-е изд., перераб. и доп.
Ämnen:
Materialtyp: Bok
KOHA link:https://koha.lib.tpu.ru/cgi-bin/koha/opac-detail.pl?biblionumber=33776

MARC

LEADER 00000nam0a2200000 4500
001 33776
005 20251212132255.0
035 |a (RuTPU)RU\TPU\book\34146 
035 |a BOOK00000797 
090 |a 33776 
100 |a 20011210d1981 m y0rusy50 ca 
101 0 |a rus 
102 |a RU 
105 |a a j 000zy 
200 1 |a Технология авиационного приборостроения  |e учебное пособие  |f А. Н. Гаврилов 
205 |a 3-е изд., перераб. и доп. 
210 |a Москва  |c Машиностроение  |d 1981 
215 |a 480 с.  |c ил. 
610 1 |a электрооборудование 
610 1 |a летательные аппараты 
610 1 |a авиационное приборостроение 
610 1 |a теория 
610 1 |a расчеты 
610 1 |a проектирование 
610 1 |a ЭВМ 
610 1 |a учебные пособия 
675 |a 629.735.05(075.8)  |v 3 
700 1 |a Гаврилов  |b А. Н.  |g Анатолий Николаевич 
801 0 |a RU  |b 63413507  |c 20011210  |g PSBO 
801 2 |a RU  |b 63413507  |c 20211223  |g PSBO 
942 |c BK